Las damas de Siberia / (Record no. 146868)
[ view plain ]
| 000 -LEADER | |
|---|---|
| campo de control de longitud fija | 00544nam a2200181 i 4500 |
| 001 - NÚMERO DE CONTROL | |
| campo de control | 146868 |
| 003 - IDENTIFICADOR DE NÚMERO DE CONTROL | |
| campo de control | ES-MaACL |
| 005 - FECHA Y HORA DE LA ÚLTIMA TRANSACCIÓN | |
| campo de control | 20260511145842.0 |
| 007 - CAMPO FIJO DE DESCRIPCIÓN FÍSICA--INFORMACIÓN GENERAL | |
| campo de control de longitud fija | t| |
| 008 - DATOS DE LONGITUD FIJA--INFORMACIÓN GENERAL | |
| campo de control de longitud fija | 070919s1963 sp ||||1| spa d |
| 100 ## - ENTRADA PRINCIPAL--NOMBRE DE PERSONA | |
| Nombre de persona | Troyat, Henri, |
| Fechas asociadas al nombre | 1911-2007 |
| 9 (RLIN) | 233580 |
| 245 14 - MENCIÓN DEL TÍTULO | |
| Título | Las damas de Siberia / |
| Mención de responsabilidad, etc. | Henri Troyat ; [versión española de Jaime Maestro]. |
| 260 ## - PUBLICACIÓN, DISTRIBUCIÓN, ETC. | |
| Lugar de publicación, distribución, etc. | Barcelona : |
| Nombre del editor, distribuidor, etc. | Luis de Caralt, |
| Fecha de publicación, distribución, etc. | [1963] |
| 300 ## - DESCRIPCIÓN FÍSICA | |
| Extensión | 327 p. ; |
| Dimensiones | 23 cm. |
| 700 1# - ENTRADA AGREGADA--NOMBRE PERSONAL | |
| Nombre de persona | Maestro, Jaime. |
| 9 (RLIN) | 75406 |
| 852 ## - LOCALIZACIÓN | |
| Ubicación | ES-MaACL |
| Número de control de estantería | C-23685 |
| Sublocalización o colección | R.52186 |
| Estatus retirado | Estado de pérdida | Estado de daño | No para préstamo | Biblioteca de origen | Biblioteca actual | Ubicación en estantería | Fecha de adquisición | Fuente de adquisición | Total de préstamos | Signatura topográfica completa | Código de barras | Visto por última vez | Precio de reemplazo | Tipo de ítem Koha |
|---|---|---|---|---|---|---|---|---|---|---|---|---|---|---|
| Biblioteca del Ateneo de Madrid | Biblioteca del Ateneo de Madrid | Depósito 2 | 17/01/2008 | C-23685 | 1153280 | 23/02/2023 | 23/02/2023 | Libro impreso |
